American literature : the New England heritage /

Bibliographic Details
Corporate Author: Northeastern University (Boston, Mass.)
Other Authors: Nagel, James, Astro, Richard
Format: Book
Language:English
Published: New York : Garland, 1981.
Subjects:

MARC

Tag First Indicator Second Indicator Subfields
LEADER 00000cam a22000008a 4500
001 in00000089090
005 20151008065301.0
008 801118s1981 nyu b 10100 engm
010 |a  80008517  
020 |a 0824094670 :  |c $30.00 
035 |a (OCoLC)07177267 
035 |9 AAK5682AM 
040 |a DLC  |c DLC  |d m.c.  |d TXA  |d UtOrBLW 
043 |a n-usn-- 
049 |a TXAM  |c [1673231] 
050 0 0 |a PS243  |b .A53 
082 0 |a 813/.00974  |2 19 
245 0 0 |a American literature :  |b the New England heritage /  |c edited, with an introduction, by James Nagel and Richard Astro. 
263 |a 8104 
264 1 |a New York :  |b Garland,  |c 1981. 
300 |a viii, 204 pages ;  |c 22 cm. 
336 |a text  |b txt  |2 rdacontent 
337 |a unmediated  |b n  |2 rdamedia 
338 |a volume  |b nc  |2 rdacarrier 
500 |a Papers presented at a conference held at Northeastern University, May 9-10, 1980. 
504 |a Includes bibliographical references and index. 
650 0 |a American literature  |z New England  |x History and criticism  |x Congresses. 
700 1 |a Nagel, James. 
700 1 |a Astro, Richard. 
710 2 |a Northeastern University (Boston, Mass.) 
999 |a MARS 
999 f f |s b72ee00b-5f46-3dcb-acff-7a655bfba797  |i 50d3b78c-03c7-3cec-9369-257ab475716f  |t 0 
952 f f |p normal  |a Texas A&M University  |b College Station  |c Sterling C. Evans Library  |d Evans: Library Stacks  |t 0  |e PS243 .A53  |h Library of Congress classification  |i unmediated -- volume  |m A14806188675 
998 f f |a PS243 .A53  |t 0  |l Evans: Library Stacks